00808nam a2200205 i 4500001000700000003000900007005001700016008004100033080001800074080002100092100002800113245015000141260013800291300002100429502004300450650002600493650002700519710003000546852002600576180427ES-MaACL20250814080957.0120601s1969 sp |||| | spa d a551.78(043.2) a56(467.1)(043.2)1 aFerrer Modolell, Jorge.10aBioestratigrafía y micropaleontología del Paleoceno y Eoceno del borde sud-oriental de la depresión del Ebro / cpor Jorge Ferrer Modolell. aBarcelona : bUniversidad de Barcelona, Secretariado de Publicaciones, Intercambio Científico y Extensión Universitaria], c1969. a20 p. ; c24 cm. aTesis-Universidad Barcelona (Extracto) 4aMicropaleontología.07aPaleontología2embne2 aUniversidad de Barcelona. aES-MaACLjE-15362(22)